| 000 | 01165cab a22002655a 4500 | ||
|---|---|---|---|
| 001 | L145805 | ||
| 008 | 081111e20081024xxk f v 000 0 eng d | ||
| 035 | _a(Sirsi) u145805 | ||
| 041 | 0 | _aeng | |
| 100 | 1 | _aGordon, Warren | |
| 245 | 0 | 0 | _aWord has it |
| 260 | _c2008 | ||
| 490 |
_aProperty Week _v73(43) 24 October 2008, 82(1) |
||
| 520 | _aSummarises the case of Hutchison and Ors v B & DF Ltd [2008] EWHC 2286 (Ch), 3 October 2008 (see L145803). The court decided that a tenant had entered into a verbal agreement to occupy business premises and that therefore a lease had been granted. The tenant was ordered to take the leases and pay rent arrears. | ||
| 590 | _aKA | ||
| 650 | 2 | 4 | _aHUTCHISON AND OTHERS V B & DF LTD |
| 650 | 2 | 4 | _aLANDLORD AND TENANT ACT 1954 S25 |
| 650 | 2 | 4 | _aLANDLORD AND TENANT ACT 1954 S24 |
| 650 | 2 | 4 | _aLANDLORD AND TENANT ACT 1954 S27 |
| 650 | 2 | 4 | _aLAW OF PROPERTY ACT 1925 S2 |
| 650 | 2 | 4 | _aLAW OF PROPERTY (MISCELLANEOUS PROVISIONS) ACT 1989 S2 |
| 651 | 4 |
_aEngland and Wales _y1543- |
|
| 690 | _aPROPERTY-COMMERCIAL PROPERTY-LEASEHOLD COMMERCIAL PROPERTY-COMMERCIAL LANDLORD AND TENANT-COMMERCIAL LEASES | ||
| 942 | _n0 | ||
| 999 |
_c80944 _d80944 |
||